00616 2200241 4500001002100000005001700021008004100038020001800079035002400097041000800121043001200129082001000141090002100151100001700172245003800189250001100227260003200238300002100270500003100291650001900322850001200341999002100353YOGYA-0511000000043320110505143729.0 ind  a979-21-0528-X 0010-051100000000433 aInd aYOPDYOG a220.5 aDEP 220.5bLek T aLEKS, Stefan aTafsir Injil MatiuscStefan Leks. aCet.1. aYogyakartabKanisiusc2003. a710 hlm.c21 cm. aBibliografi : hlm. 708-709 aAlkitab-Tafsir aYOPDYOG aCB-D.11 2003-252